| 000 | 00444cam a22001457a 4500 | ||
|---|---|---|---|
| 008 | 180718b1990 xxu||||| |||| 00| 0 eng d | ||
| 020 | _a0861322703 | ||
| 082 | _aT111 C172 APPPA | ||
| 100 | _aMohanty, Manoranjan | ||
| 245 | _aDuality of the state process in India | ||
| 260 |
_aBombay _bPopular _c1990 |
||
| 300 | _ap.149-161 | ||
| 500 | _a[In] Capitalist development: critical essays, edited by Ghanshyam Shah | ||
| 650 | _aState, The - India | ||
| 999 |
_c362721 _d362721 |
||